Countries Beginning and Ending with the Same Letter - Statistics

General Stats
  • This quiz has been taken 106 times
  • The average score is 12 of 15
Answer Stats
Letter Country % Correct
A Albania
94%
A Australia
92%
A Angola
90%
A Andorra
88%
A Armenia
88%
A Algeria
87%
A Austria
87%
S Seychelles
87%
A Antigua and Barbuda
84%
A Argentina
83%
S Saint Kitts and Nevis
76%
S Saint Vincent and the Grenadines
72%
C Czech Republic
70%
C Central African Republic
69%
S Solomon Islands
63%
No matching quizzes found
Score Distribution
Percent of People with Each Score
Percentile by Number Answered
Your Score History
You have not taken this quiz